| 000 | 00625nam a22002057a 4500 | ||
|---|---|---|---|
| 999 |
_c14611 _d14611 |
||
| 003 | AR-CdUCM | ||
| 008 | 190424b ||||| |||| 00| 0 spa d | ||
| 020 | _a978-84-7864-911-2 | ||
| 040 |
_aMUNICIPALIDAD PROVINCIAL DEL CUSCO _cBIBLIOTECA MUNICIPAL DEL CUSCO |
||
| 082 |
_23ed _aPI / 376.1 / _bC73 |
||
| 245 | _aMacro color / | ||
| 260 |
_aBarcelona : _bCombel, _c2008. |
||
| 300 |
_bIlustraciones, _c22 cm. |
||
| 500 | _aNo cuenta con numeración de pagina | ||
| 650 |
_aLibro para colorear _924789 |
||
| 650 |
_aInfantil _96210 |
||
| 650 |
_aPrimera infancia _924660 |
||
| 942 |
_2ddc _cLIBROS |
||
| 945 |
_adavv _d24/04/2019 |
||